ՀՀ Գիտությունների ազգային ակադեմիայի հիմնարար գիտական գրադարան  =   Fundamental Scientific Library of NAS RA

Փիղը : (Record no. 137530)

MARC details
000 -LEADER
fixed length control field 00915nam a2200217 a 4500
001 - CONTROL NUMBER
control field 000359598
003 - CONTROL NUMBER IDENTIFIER
control field AM-YeHGA
005 - DATE AND TIME OF LATEST TRANSACTION
control field 20250618072231.0
008 - FIXED-LENGTH DATA ELEMENTS--GENERAL INFORMATION
fixed length control field 030924s1979 ai a||||r|||||||||1|arm|d
040 ## - CATALOGING SOURCE
Original cataloging agency AM-YeHGA
041 1# - LANGUAGE CODE
Language code of text/sound track or separate title arm
Language code of original rus
090 ## - LOCALLY ASSIGNED LC-TYPE CALL NUMBER (OCLC); LOCAL CALL NUMBER (RLIN)
-- 138903
245 10 - TITLE STATEMENT
Title Փիղը :
Remainder of title [Հեքիաթ] /
Statement of responsibility, etc. Ալ. Կուպրին ; Թարգմ.՝ Կ. Շաղբաթյան ; Խմբ.՝ Ջ.Մ. Ղազարյան ; Նկ.՝ Կ.Վ. Սմբատյան.
260 ## - PUBLICATION, DISTRIBUTION, ETC.
Place of publication, distribution, etc. Երևան :
Name of publisher, distributor, etc. Սովետական գրող,
Date of publication, distribution, etc. 1979.
300 ## - PHYSICAL DESCRIPTION
Extent 16 էջ :
Other physical details գունանկ. ;
Dimensions 25 սմ.
650 14 - SUBJECT ADDED ENTRY--TOPICAL TERM
Topical term or geographic name entry element Ռուս մանկական գրականություն
General subdivision Հեքիաթ
9 (RLIN) 5349
700 1# - ADDED ENTRY--PERSONAL NAME
Personal name Շաղբաթյան, Կարինե
Relator term թարգմ.
Relationship trl
700 1# - ADDED ENTRY--PERSONAL NAME
Personal name Ղազարյան, Ջուլիետա Միհրանի,
Dates associated with a name 1934-
Relator term խմբ.
Relationship edt
9 (RLIN) 1876
700 1# - ADDED ENTRY--PERSONAL NAME
Personal name Սմբատյան, Կարեն Վահանի,
Dates associated with a name 1932-2008
Relator term նկ.
Relationship art
9 (RLIN) 3744
942 ## - ADDED ENTRY ELEMENTS (KOHA)
Source of classification or shelving scheme Universal Decimal Classification
Koha item type Գրքեր / Books
Holdings
Withdrawn status Lost status Damaged status Not for loan Collection Home library Current library Date acquired Total checkouts Full call number Barcode Date last seen Price effective from Koha item type Public note
        General Fundamental Scientific Library Fundamental Scientific Library 22/12/2016   AIII/4816 FL0072878 22/12/2016 22/12/2016 Գրքեր / Books 30 Days Loan


ՀՀ ԳԱԱ հիմնարար գիտական գրադարան
ՀՀ,Երևան 0019
Մարշալ Բաղրամյան 24/6
հեռախոս:(374-10) 52-47-50
Հետադարձ կապ

All site content, except where otherwise noted, is licensed under a
Creative Commons License